000 00370nam a2200145Ia 4500
008 240624s9999 xx 000 0 und d
041 _aeng
082 _a338.5024658 TRU
100 _aTRUETT
245 _aMANAGERIAL ECONOMICS ANALYSIS PROBLEMS C
250 _a(8th ed.)
260 _c2007
_aNew Delhi
_bWiley India
300 _a742 : p. : cm. ; 24
365 _cRS
_b32
999 _c11830
_d11830